| Tag |
First Indicator |
Second Indicator |
Subfields |
| LEADER |
00000cam a2200000 i 4500 |
| 001 |
in00000009315 |
| 005 |
20151007051523.0 |
| 008 |
780705s1931 ohu j 00010 eng d |
| 035 |
|
|
|a (OCoLC)04022906
|
| 035 |
|
|
|9 AAA3397AM
|
| 040 |
|
|
|a DLM
|c DLM
|d TXA
|d UtOrBLW
|
| 049 |
|
|
|a [Curr Col] TXAM
|c [A12605075]
|
| 050 |
|
4 |
|a PZ7.W97
|b My 1931b
|
| 100 |
1 |
|
|a Wyckoff, Capwell.
|
| 245 |
1 |
4 |
|a The mystery at Lake Retreat /
|c by Capwell Wyckoff.
|
| 264 |
|
1 |
|a Akron, OH :
|b Saalfield,
|c 1931.
|
| 300 |
|
|
|a 248 pages :
|b illustrations ;
|c 20 cm.
|
| 336 |
|
|
|a text
|b txt
|2 rdacontent
|
| 337 |
|
|
|a unmediated
|b n
|2 rdamedia
|
| 338 |
|
|
|a volume
|b nc
|2 rdacarrier
|
| 490 |
0 |
|
|a [Black rider series]
|
| 500 |
|
|
|a [Every child's library]
|
| 500 |
|
|
|a Series statement from jacket.
|
| 999 |
|
|
|a MARS
|
| 999 |
f |
f |
|s 3389263a-5612-3419-bb3a-f8a56ff3858c
|i 140b4016-4899-3c6a-a0f6-d3998fda7d8e
|t 0
|
| 952 |
f |
f |
|p ric
|a Texas A&M University
|b Rellis Campus
|c Joint Library Facility
|d Remote Storage
|t 0
|e PZ7.W97 My 1931b
|h Library of Congress classification
|i unmediated -- volume
|m A14812605075
|
| 998 |
f |
f |
|a PZ7.W97 My 1931b
|t 0
|l Remote Storage
|